000 00493nam a22001697a 4500
999 _c167092
_d167092
010 _aENG-126265
020 _c800.00
_a978-81-925569-4-7
035 _aEN-109797
037 _bDBAD/PUB
082 _a230
100 _aSaraf, Mukesh
245 _aThe Hindu View Of Life/
_cby Mukesh Saraf
260 _aAllahbad
_bPrabha Publishing House
_c2018
270 _a5-D/11, Khusro Bagh Road,
_bAllahabad
_e211001
300 _a222p.
_c21cm(hb)
_bill
942 _2ddc
_cEN
_h230
_mSAR